Essentials Of Anaesthesia And Resucitation / (Record no. 3477)

MARC details
000 -LEADER
fixed length control field 01006nac a22002531u 4500
082 ## - DEWEY DECIMAL CLASSIFICATION NUMBER
Classification number 617.96
Item number N168
090 ## - LOCALLY ASSIGNED LC-TYPE CALL NUMBER (OCLC); LOCAL CALL NUMBER (OCLC)
-- 3477
-- 3477
100 ## - MAIN ENTRY--PERSONAL NAME
Personal name Narshy, William.
245 ## - TITLE STATEMENT
Title Essentials Of Anaesthesia And Resucitation /
Statement of responsibility, etc William Narshy, Hassan Zayed.
260 ## - PUBLICATION, DISTRIBUTION, ETC. (IMPRINT)
Place of publication, distribution, etc Alexandria:
Name of publisher, distributor, etc Faculty Of Medicine, Alexandria University,C.1995.
Date of publication, distribution, etc C.1995.
300 ## - PHYSICAL DESCRIPTION
Extent 200p:
Other physical details ill;
Dimensions 21cm.
500 ## - GENERAL NOTE
General note Donations.
500 ## - GENERAL NOTE
General note Donations - Bibliotheca Alexandrina.
650 ## - SUBJECT ADDED ENTRY--TOPICAL TERM
Topical term or geographic name as entry element Anesthesia.
650 ## - SUBJECT ADDED ENTRY--TOPICAL TERM
Topical term or geographic name as entry element Resuscitation.
650 ## - SUBJECT ADDED ENTRY--TOPICAL TERM
Topical term or geographic name as entry element Emergency medicine.
650 ## - SUBJECT ADDED ENTRY--TOPICAL TERM
Topical term or geographic name as entry element Anesthesia--methods.
650 ## - SUBJECT ADDED ENTRY--TOPICAL TERM
Topical term or geographic name as entry element Resuscitation--methods.
650 ## - SUBJECT ADDED ENTRY--TOPICAL TERM
Topical term or geographic name as entry element Emergency Medicine--methods.
700 ## - ADDED ENTRY--PERSONAL NAME
Personal name Zayed, Hassan.
942 ## - ADDED ENTRY ELEMENTS (KOHA)
Item type Book - Borrowing
Call number prefix 617.96N168
Holdings
Withdrawn status Item status Source of classification or shelving scheme Damaged status Not for loan Home library Current library Shelving location Date acquired Source of acquisition Total Checkouts Total Renewals Full call number Barcode Date last seen Date last borrowed Koha item type
    Dewey Decimal Classification     Central Library Central Library First floor 19/04/2007 Purchase 1 1 617.96 NAR 000030351 15/07/2025 21/07/2022 Book - Borrowing
    Dewey Decimal Classification     Central Library Central Library First floor 19/04/2007 Purchase     617.96 NAR 000030352 15/07/2025   Book - Borrowing